Equidad y enseñanza de las matemáticas: nuevas tendencias

Uloženo v:
Podrobná bibliografie
Hlavní autor: Secada, Walter G (Autor)
Médium: Kniha
Jazyk:španělština
Vydáno: Madrid Morata 1997
Edice:Colección Infantil y Primaria
Témata:
Tagy: Přidat tag
Žádné tagy, Buďte první, kdo vytvoří štítek k tomuto záznamu!

MARC

LEADER 00000nam a2200000 a 4500
001 UCO6594
003 CL-VaPUC
008 001027e19970000SP |||||||||||||||||spa|d
082 0 4 |a 372.7  |b SEC  |2 21 
100 0 |a Secada, Walter G  |e author  |9 451352 
245 1 0 |a Equidad y enseñanza de las matemáticas: nuevas tendencias 
300 |a 391 p 
942 |c BK 
945 |d 20001027 00:00:00  |a vberengu 
260 |a Madrid  |b Morata  |c 1997 
650 0 |a Educación básica   |9 224933 
650 0 |a Matemáticas  |x Enseñanza  |9 875527 
583 |a last modification  |c 20001027 00:00:00  |k Rodrigo Vera 
490 0 |a Colección Infantil y Primaria 
999 |c 292076  |d 292074 
952 |0 0  |1 0  |4 0  |6 372_700000000000000_SEC_1997  |7 0  |8 P  |9 342633  |a BIBEDU  |b BIBEDU  |c BIBEDU_PB  |d 2019-11-20  |i 3661210  |o 372.7 SEC 1997  |p 3661210  |r 2024-01-25  |w 2019-11-20  |y BK  |k BME